Foundations of clinical research : (رقم التسجيلة. 31604)
[ عرض عادي ]
| 000 -الفاتح | |
|---|---|
| حقل البيانات ثابتة الطول | 01550cam a22004094a 4500 |
| 001 - رقم الضبط | |
| رقم الضبط | 14981107 |
| 003 - محدد رقم الضبط | |
| رقم الضبط | OSt |
| 005 - وقت وتاريخ اخر تعامل مع التسجيلة | |
| رقم الضبط | 20150408114146.0 |
| 008 - عناصر البيانات ثابتة الطول - معلومات عامة | |
| حقل البيانات ثابتة الطول | 070823s2009 njuab b 001 0 eng |
| 010 ## - رقم ضبط مكتبة الكونجرس | |
| رقم ضبط مكتبة الكونجرس | 2007035116 |
| 016 7# - رقم ضبط الوكاله الوطنية للضبط الببليوجرافي | |
| رقم ضبط التسجيلة | 101314874 |
| المصدر | DNLM |
| 020 ## - الرقم الدولى المعيارى للكتب | |
| الرقم الدولى المعيارى للكتاب | 9780131716407 (hbk. : alk. paper) |
| 020 ## - الرقم الدولى المعيارى للكتب | |
| الرقم الدولى المعيارى للكتاب | 0131716409 (hbk. : alk. paper) |
| 020 ## - الرقم الدولى المعيارى للكتب | |
| الرقم الدولى المعيارى للكتاب | 9780132344708 |
| 035 ## - رقم ضبط النظام | |
| رقم ضبط النظام | (OCoLC)ocn166454308 |
| 035 ## - رقم ضبط النظام | |
| رقم ضبط النظام | (OCoLC)166454308 |
| رقم الضبط الملغى والمتاح | (OCoLC)144223945 |
| 040 ## - مصدر الفهرسة | |
| وكالة الفهرسة الأصلية | DNLM/DLC |
| وكالة النسخ | DLC |
| وكالة التعديل | NLM |
| -- | BAKER |
| -- | BTCTA |
| -- | C#P |
| -- | BWX |
| -- | YDXCP |
| -- | DLC |
| 042 ## - رمز التحقق | |
| رمز التحقق | pcc |
| 050 00 - رقم طلب مكتبة الكونجرس | |
| رقم التصنيف | R850 |
| رقم المادة | .P56 2009 |
| 060 10 - رقم الطلب بالمكتبة الطبية الوطنية | |
| رقم التصنيف | W 20.5 |
| رقم المادة | P853f 2009 |
| 082 00 - رقم تصنيف ديوى العشرى | |
| رقم التصنيف | 610.72/4 |
| رقم الطبعة | 22 |
| رقم المادة | PLF |
| 100 1# - المدخل الرئيسى - إسم شخصى | |
| الإسم الشخصى | Portney, Leslie Gross. |
| 9 (RLIN) | 38660 |
| 245 10 - بيان العنوان | |
| العنوان | Foundations of clinical research : |
| بقية العنوان | applications to practice / |
| بيان المسئوليه,etc | Leslie G. Portney, Mary P. Watkins. |
| 250 ## - بيان الطبعة | |
| بيان الطبعة | 3rd ed. |
| 260 ## - PUBLICATION, DISTRIBUTION, ETC. (IMPRINT) | |
| مكان الناشر او الموزع | Upper Saddle River, N.J. : |
| اسم الناشر او الموزع | Pearson/Prentice Hall, |
| تاريخ النشر أو التوزيع | c2009. |
| 300 ## - الوصف المادى | |
| التعداد | xix, 892 p. : |
| تفاصيل ماديه اخرى للوعاء | ill. (some col.), map ; |
| أبعاد الوعاء | 25 cm. |
| 504 ## - تبصرة ببليوجرافية | |
| تبصرة ببليوجرافية,الخ | Includes bibliographical references and index. |
| 650 #0 - المدخل الاضافى بالموضوع-مصطلح موضوعى | |
| مصطلح موضوعي أو اسم جغرافي كعنصر مدخل | Medicine |
| التقسيم الفرعي العام | Research |
| -- | Methodology. |
| 9 (RLIN) | 11285 |
| 650 #0 - المدخل الاضافى بالموضوع-مصطلح موضوعى | |
| مصطلح موضوعي أو اسم جغرافي كعنصر مدخل | Clinical medicine |
| التقسيم الفرعي العام | Research |
| -- | Methodology. |
| 9 (RLIN) | 11285 |
| 650 12 - المدخل الاضافى بالموضوع-مصطلح موضوعى | |
| مصطلح موضوعي أو اسم جغرافي كعنصر مدخل | Biomedical Research |
| التقسيم الفرعي العام | methods. |
| 9 (RLIN) | 17555 |
| 650 22 - المدخل الاضافى بالموضوع-مصطلح موضوعى | |
| مصطلح موضوعي أو اسم جغرافي كعنصر مدخل | Statistics as Topic |
| التقسيم الفرعي العام | methods. |
| 9 (RLIN) | 38201 |
| 700 1# - المدخل الاضافى - اسم شخصى | |
| الإسم الشخصى | Watkins, Mary P. |
| 9 (RLIN) | 38661 |
| 856 41 - الوصول و الموقع الالكترونى | |
| مواد محددة | Table of contents only |
| معرف المصدر الموحد | <a href="http://www.loc.gov/catdir/toc/ecip0725/2007035116.html">http://www.loc.gov/catdir/toc/ecip0725/2007035116.html</a> |
| 906 ## - عنصر بيانات محلى F, LDF (RLIN) | |
| a | 7 |
| b | cbc |
| c | orignew |
| d | 1 |
| e | ecip |
| f | 20 |
| g | y-gencatlg |
| 942 ## - عناصر المدخل الإضافي( كوها) | |
| مصدر التصنيف او مخطط الترفيف | Dewey Decimal Classification |
| Koha [default] item type | كتاب |
| حالة الفقد | نموذج السعر الفعال | حالة تلف | ليس للاعارة | رقم الطلب | تاريخ الاكتساب | الموقع الحالي | الباركود | الفرع الرئيسي | Date last checked out | Date last seen | نوع المادة فى نظام كوها | مصدر التصنيف او خطة الترفيف | Total Checkouts | Total Renewals |
|---|---|---|---|---|---|---|---|---|---|---|---|---|---|---|
| 2013-10-30 | 610.72/4 PLF | 2013-10-30 | المكتبة المركزية بالمجمعة (CL) | 00402856 | المكتبة المركزية بالمجمعة (CL) | 2021-01-31 | 2021-02-21 | كتاب | Dewey Decimal Classification | 1 | ||||
| 2013-10-30 | 610.72/4 PLF | 2013-10-30 | المكتبة المركزية بالمجمعة (CL) | 00402857 | المكتبة المركزية بالمجمعة (CL) | 2021-09-09 | 2021-11-14 | كتاب | Dewey Decimal Classification | 2 | 1 | |||
| 2013-10-30 | 610.72/4 PLF | 2013-10-30 | مكتبة كلية العلوم الطبية التطبيقية بالمجمعة - طالبات (AMF) | 00402855 | المكتبة المركزية بالمجمعة (CL) | 2021-09-29 | 2021-10-21 | كتاب | Dewey Decimal Classification | 1 | ||||
| 2013-10-30 | 610.72/4 PLF | 2013-10-30 | مكتبة مجمع الكليات بالزلفى - طلاب (SZM) | 00402858 | مكتبة مجمع الكليات بالزلفى - طلاب (SZM) | 2013-10-30 | كتاب | Dewey Decimal Classification | ||||||
| 2013-10-30 | 610.72/4 PLF | 2013-10-30 | مكتبة مجمع الكليات بالزلفى - طلاب (SZM) | 00402859 | مكتبة مجمع الكليات بالزلفى - طلاب (SZM) | 2013-10-30 | كتاب | Dewey Decimal Classification | ||||||
| 2013-10-30 | 610.72/4 PLF | 2013-10-30 | مكتبة مجمع الكليات بالزلفى - طلاب (SZM) | 00402860 | مكتبة مجمع الكليات بالزلفى - طلاب (SZM) | 2013-10-30 | كتاب | Dewey Decimal Classification |
